000 00422nam a2200169Ia 4500
008 190516s9999 xx 000 0 und d
100 _aGonzales, Eduardo
245 2 _aA measles outbreak/
245 _cEduardo Gonzales
260 _bManila Bulletin
260 _c2018
300 _aMarch 13
440 _aManila Bulletin
650 _adiseases -- complication
650 _ahealth
650 _ameasles -- disease
999 _c361865
_d361865